| 000 | 00979nam a22002897a 4500 | ||
|---|---|---|---|
| 001 | BR9704647 | ||
| 003 | BR-BrBNA | ||
| 005 | 20230928095719.0 | ||
| 007 | ta | ||
| 008 | 230509b bl.||||| |||| 00| 0 por d | ||
| 040 |
_aBR-BrBNA _bpor _cBiblioteca Nacional de Agricultura |
||
| 041 | _a(Por) | ||
| 072 | _aE14; E70 | ||
| 090 | _ E14 BR9704647 | ||
| 110 | 1 |
_aFundacao de Apoio a Recursos Geneticos e Biotecnologia Dalmo Catauli Giacometti, Brasilia, DF (Brasil) _94839 |
|
| 111 | 1 |
_aForum Replantar Brasil _cBrasilia, DF (Brazil) _d1996 |
|
| 245 | 1 | _aForum replantar Brasil; estrategias para competitividade no agribusiness na era da globalizacao dos mercados de commodities | |
| 260 | 3 |
_aBrasilia, DF (Brasil): _c1996. |
|
| 300 | _a12 p. | ||
| 650 | _aSetor Agricola | ||
| 650 | _aModernizacao | ||
| 650 | _aDesenvolvimento Agricola | ||
| 650 | _aFomento Agricola | ||
| 650 | _aPolitica de Desenvolvimento | ||
| 909 |
_a202309 _bLucia _c55 _dLucia Elande |
||
| 942 | _cBK | ||
| 999 |
_c58237 _d58237 |
||